000 00458nam a2200181Ia 4500
005 20250603145115.0
008 250603s9999 xx 000 0 und d
020 _a9789785701128
050 _aHF 5616.N6 .I57/
100 _aInstitute of Chartered Accountants of Nigeria
245 0 _aICAN: advanced taxation
260 _aBerkshire
260 _bEmile Woolf International
260 _c2019
300 _a638 p
650 _aBerkshire
942 _cBK
999 _c40891
_d40891